Statistics for Top 10 football/soccer teams in the world

Click here to take the quiz!

General Stats

  • This quiz has been taken 133 times
  • The average score is 9 of 10

Answer Stats

HintAnswer% Correct
10. Italy. 20 Million fansJuventus
95%
1. England. 354 Million fansManchester United
95%
3. Spain. 174 Million fansReal Madrid
95%
2. Spain. 270 Million fansBarcelona
94%
4. England. 135 Million fansChelsea
94%
7.England. 71 Million fansLiverpool
93%
5. England. 113 Million fansArsenal
92%
9. Germany. 24 Million fansBayern Munich
90%
6. Italy. 90 Million fansAc Milan
85%
8. Italy. 49 Million fansInter Milan
77%

Score Distribution

Percentile by Number Answered

Percent of People with Each Score

Your Score History

You have not taken this quiz